Songs with One in the Title - Statistics

General Stats
  • This quiz has been taken 31 times
  • The average score is 7 of 20
Answer Stats
Artist Answer % Correct
Queen {Another} One {Bites} {The} {Dust}
71%
Britney Spears ... {Baby} One {More} {Time}
65%
Bob Marley & The Wailers One {Love}
61%
Daft Punk One {More} {Time}
58%
John Travolta & Olivia Newton-John {You}'{re} {The} One {That} {I} {Want}
55%
Calvin Harris & Dua Lipa One {Kiss}
45%
Drake One {Dance}
39%
Blondie One {Way} {Or} {Another}
35%
Katy Perry {The} One {That} {Got} {Away}
32%
Ariana Grande One {Last} {Time}
29%
Murray Head One {Night} {In} {Bangkok}
26%
Robbie Williams {She}'{s} {The} One
26%
Flo Rida {Wild} Ones
26%
Shania Twain {You}'{re} {Still} {The} One
23%
Sam Smith {I}'{m} {Not} {The} {Only} One
19%
Alicia Keys {No} One
19%
Creed One {Last} {Breath}
13%
Linkin Park One {More} {Light}
13%
Aaliyah One {In} {A} {Million}
10%
Mariah Carey & Boyz II Men One {Sweet} {Day}
3%
No matching quizzes found
Score Distribution
Percent of People with Each Score
Percentile by Number Answered
Your Score History
You have not taken this quiz